Tapping panel dryness syndrome: What we know and what we do not know (Record no. 50745)

MARC details
000 -LEADER
fixed length control field 00677nam a2200217Ia 4500
100 ## - MAIN ENTRY--AUTHOR NAME
Personal name Jacob J
245 #0 - TITLE STATEMENT
Title Tapping panel dryness syndrome: What we know and what we do not know
260 ## - PUBLICATION, DISTRIBUTION, ETC. (IMPRINT)
Name of publisher In: Tapping Panel Dryness of Rubber Trees (Eds.James Jacob; R Krishnakumar and N.M. Mathew) Rubber Research Institute of India, Kottayam, 2006, pp. 1-27.
650 ## - SUBJECT ADDED ENTRY--TOPICAL TERM
Topical Term Causes
650 ## - SUBJECT ADDED ENTRY--TOPICAL TERM
Topical Term Management
650 ## - SUBJECT ADDED ENTRY--TOPICAL TERM
Topical Term Molecular basis
650 ## - SUBJECT ADDED ENTRY--TOPICAL TERM
Topical Term Nutrition
650 ## - SUBJECT ADDED ENTRY--TOPICAL TERM
Topical Term Over-exploitation
650 ## - SUBJECT ADDED ENTRY--TOPICAL TERM
Topical Term Pathology
650 ## - SUBJECT ADDED ENTRY--TOPICAL TERM
Topical Term Physiology
650 ## - SUBJECT ADDED ENTRY--TOPICAL TERM
Topical Term Symptoms
650 ## - SUBJECT ADDED ENTRY--TOPICAL TERM
Topical Term TPD
700 ## - ADDED ENTRY--PERSONAL NAME
Personal name Krishnakumar R
942 ## - ADDED ENTRY ELEMENTS (KOHA)
Koha item type Bibliography STAF
Holdings
Withdrawn status Lost status Damaged status Not for loan Home library Current library Shelving location Date acquired Koha item type
      Bibliography RRII Library RRII Library Plant physiology 18/06/2007 Bibliography STAF